Surveyors warn about new rates (Record no. 62121)

MARC details
000 -LEADER
fixed length control field 00887cam a2200217 4500
001 - CONTROL NUMBER
control field WB3601-44
008 - FIXED-LENGTH DATA ELEMENTS--GENERAL INFORMATION
fixed length control field 000000n1999 000 0 eng u
035 ## - SYSTEM CONTROL NUMBER
System control number (Sirsi) u103364
245 ## - TITLE STATEMENT
Title Surveyors warn about new rates
260 ## - PUBLICATION, DISTRIBUTION, ETC.
Date of publication, distribution, etc. 1999
490 ## - SERIES STATEMENT
Series statement Western Mail
Volume/sequential designation 22 December 1999, 6(1)
520 ## - SUMMARY, ETC.
Summary, etc. The RICS in Wales warns that the decision by the National Assembly to get rid of transitional relief for business properties with a rateable value of more than £25,000 will mean that many owners of larger properties in Wales will pay more than their counterparts in England. This could discourage businesses to relocate to Wales or even lead to an exodus of firms.
590 ## - LOCAL NOTE (RLIN)
Local note WB
650 ## - SUBJECT ADDED ENTRY--TOPICAL TERM
Topical term or geographic name entry element BUSINESS RATES
650 ## - SUBJECT ADDED ENTRY--TOPICAL TERM
Topical term or geographic name entry element RICS
650 ## - SUBJECT ADDED ENTRY--TOPICAL TERM
Topical term or geographic name entry element WALES
650 ## - SUBJECT ADDED ENTRY--TOPICAL TERM
Topical term or geographic name entry element RATEABLE VALUES
650 ## - SUBJECT ADDED ENTRY--TOPICAL TERM
Topical term or geographic name entry element TRANSITIONAL RELIEF
690 ## - LOCAL SUBJECT ADDED ENTRY--TOPICAL TERM (OCLC, RLIN)
Topical term or geographic name as entry element RATING AND LOCAL TAXATION
942 ## - ADDED ENTRY ELEMENTS (KOHA)
Suppress in OPAC 0
Holdings
Withdrawn status Lost status Source of classification or shelving scheme Damaged status Not for loan Home library Current library Shelving location Date acquired Total Checkouts Full call number Barcode Date last seen Copy number Price effective from Koha item type
    Dewey Decimal Classification     London London News article 07/01/2000   WB3601-44 103364-1001 06/08/2019 1 06/08/2019 News article